| 000 | 01534 a2200313 4500 | ||
|---|---|---|---|
| 999 |
_c11107 _d11107 |
||
| 020 | _a9781449648251 (pbk.) | ||
| 020 | _a1449648258 (pbk.) | ||
| 020 | _a9781449688349 (pbk.) | ||
| 050 | 0 | 0 |
_aRA441 _bJAC 2014 |
| 100 | 1 |
_aJacobsen, Kathryn H. _eauthor |
|
| 245 | 1 | 0 |
_aIntroduction to global health / _cKathryn H. Jacobsen. |
| 250 | _asecond edition | ||
| 264 |
_a Burlington : _b Jones & Bartlett Learning, _cc.2014 |
||
| 300 |
_axix, 404 p. : _billustrations (some coloured), maps |
||
| 336 |
_2rdacontent _atext _btxt |
||
| 337 |
_2rdamedia _aunmediated _bn |
||
| 338 |
_2rdacarrier _avolume _bnc |
||
| 504 | _aIncludes bibliographical references and index. | ||
| 505 | 0 | _aGlobal health and health transitions -- Measuring the global burden of disease -- Research and global health -- Socioeconomic determinants of health -- Child health -- Health of younger adults -- Noncommunicable diseases and aging -- The environmental context of health -- Control of infectious diseases -- Global infectious disease initiatives -- Global nutrition -- Global health payers and players -- Globalization and health -- Health, human rights, and humanitarian aid -- Global health progress and priorities. | |
| 650 | 0 | _aWorld health. | |
| 650 | 0 | _aPublic health. | |
| 650 | 0 |
_aGlobalization _xHealth aspects. |
|
| 650 | 1 | 2 | _aWorld Health. |
| 650 | 2 | 2 | _aCommunicable Disease Control. |
| 650 | 2 | 2 | _aHealth Transition. |
| 650 | 2 | 2 | _aInternationality. |
| 942 |
_2lcc _cBK _h441 _iJAC _kRA |
||